| 000 | 01179nam a22003137i 4500 | ||
|---|---|---|---|
| 003 | EG-GICUC | ||
| 005 | 20260121101356.0 | ||
| 008 | 251128s1974 ua ||||fr|||| 000 0 ara d | ||
| 040 |
_a EG-GICUC _bara _c EG-GICUC _d EG-GICUC _erda |
||
| 041 | 0 | _aara | |
| 082 | 0 | 4 |
_a341.13 _bم ج . م |
| 092 | 0 | 4 | _221 |
| 099 | _aLaw1 11 341.13 م ج . م 1974 | ||
| 100 | 0 |
_aمجدي مدحت إبراهيم النهري _eمعد. |
|
| 245 | 1 | 2 |
_aالمسئولية الدولية للمنظمات الدولية : _bدراسة نظرية تطبيقية / _cمجدي مدحت إبراهيم النهري. |
| 264 | 1 |
_aالقاهرة : _b[جامعة القاهرة]، _c1974. |
|
| 300 |
_a71 ؛ صفحة _c24 سم. |
||
| 336 |
_2rda content _atext |
||
| 337 |
_2rda media _aComputer |
||
| 338 |
_2rda carrier _aOnline Resource |
||
| 504 | _aيشتمل على إرجاعات ببليوجرافية. | ||
| 546 | _aالنص باللغة العربية | ||
| 650 | 1 | 4 |
_aالمسؤلية الدولية _2qrmak |
| 651 | 1 | _2qrmak | |
| 700 | 0 |
_aمفيد شهاب _eمشرف. |
|
| 856 | 4 | 0 | _uhttps://fll.law.cu.edu.eg/fulltext/bks/B12-01466.pdf |
| 905 | _a78 | ||
| 942 |
_2ddc _cBK _e21 _n0 |
||
| 999 |
_c46751 _d46751 |
||